000 00604nam a22001217a 4500
999 _c21710
_d21710
008 240920b ||||| |||| 00| 0 eng d
100 _aMagayones, Judith B.
_eauthor.
_961243
245 _aHow valentine's day started :
_bthe day was first associated with romantic love in the circle of Geoffrey Chaucer in the high middle age, when the tradition of courtly love flourished /
_cJudith B. Magayones.
260 _aPhilippines;
_bPublishers Association of the Philippines, Inc.,
_cFebruary 2018.
300 _aVolume 66, pages 342-343.
700 _aMagayones, Judith B.
_eauthor.
_961243
942 _2ddc
_cPER